A wonder book and Tanglewood tales for girls and boys

Uloženo v:
Podrobná bibliografie
Hlavní autor: Hawthorne, Nathaniel
Médium: Kniha
Jazyk:Undetermined
Vydáno: New York, Estados Unidos Dodd, Mead and company 1938
Témata:
Tagy: Přidat tag
Žádné tagy, Buďte první, kdo vytvoří štítek k tomuto záznamu!

MARC

LEADER 00000nam a2200000Ia 4500
008 170316s9999 xx 000 0 und d
040 |a cru BVZT 
090 |a 810 H-10a 
100 |a Hawthorne, Nathaniel 
245 2 |a A wonder book and Tanglewood tales for girls and boys 
260 |a New York, Estados Unidos 
260 |b Dodd, Mead and company 
260 |c 1938 
300 |a 358 páginas 
650 |a LITERATURA ESTADOUNIDENSE 
999 |c 5695  |d 5695 
942 |c 15 D  |h 810 H-10a  |2 z